[Event "Phillips & Drew GLC Kings"]
[Site "London, County Hall"]
[Date "1982.04.20"]
[Round "5"]
[White "Seirawan, Yasser"]
[Black "Speelman, Jonathan S"]
[Result "0-1"]
[WhiteElo "2575"]
[BlackElo "2550"]
[PlyCount "96"]
[EventDate "1982.04.15"]
[EventType "tourn"]
[EventRounds "13"]
[EventCountry "ENG"]
[EventCategory "14"]
[SourceTitle "BritBase"]
[Source "John Saunders"]
[SourceDate "2023.10.13"]
[SourceVersion "1"]
[SourceVersionDate "2023.10.13"]
[SourceQuality "1"]

1. d4 Nf6 2. c4 e6 3. Nc3 Bb4 4. e3 O-O 5. Bd3 d5 6. Nge2 dxc4 7. Bxc4 e5 8. a3
Bxc3+ 9. bxc3 c5 10. O-O Nc6 11. Bb2 Qc7 12. Ba2 Rd8 13. Qc2 Bg4 14. Ng3 Qe7
15. dxe5 Nxe5 16. c4 Nd3 17. Bc3 Nh5 18. Ne2 Bf5 19. Rad1 Qg5 20. Ng3 Nxg3 21.
hxg3 Nb4 22. Qb2 Nxa2 23. Qxa2 Qg4 24. Rd5 Bd3 25. Rxd8+ Rxd8 26. Qd2 Rd7 27.
Rc1 Bxc4 28. Qc2 b6 29. f3 Qe6 30. e4 h6 31. Bxg7 Kxg7 32. Qxc4 Qxc4 33. Rxc4
Rd3 34. a4 Kf6 35. Kh2 Ke6 36. f4 Kd6 37. g4 a6 38. g3 b5 39. axb5 axb5 40. Rc1
b4 41. Kg2 b3 42. Kf2 b2 43. Rb1 Rb3 44. Ke1 c4 45. Kd1 c3 46. Kc2 Ra3 47. e5+
Ke7 48. f5 Ra1 0-1

[Event "Phillips & Drew GLC Kings"]
[Site "London, County Hall"]
[Date "1982.04.26"]
[Round "10"]
[White "Timman, Jan H"]
[Black "Portisch, Lajos"]
[Result "1-0"]
[WhiteElo "2605"]
[BlackElo "2630"]
[Annotator "Golombek"]
[PlyCount "47"]
[EventDate "1982.04.15"]
[EventType "tourn"]
[EventRounds "13"]
[EventCountry "ENG"]
[EventCategory "14"]
[SourceTitle "BritBase"]
[Source "John Saunders"]
[SourceDate "2023.10.13"]
[SourceVersion "1"]
[SourceVersionDate "2023.10.13"]
[SourceQuality "1"]

1. d4 Nf6 2. c4 e6 3. Nf3 b6 4. g3 Bb7 5. Bg2 Be7 6. O-O O-O ({Allowing White
to make the ensuing central thrust; a safer line was} 6... d5 {and if then} 7.
Ne5 {,} c6) 7. d5 exd5 8. Nh4 c6 9. cxd5 Nxd5 10. Nf5 Bf6 11. Re1 Ba6 12. e4 {
Fine play; he spurns the regaining of the pawn and makes for command of
greater space.} ({Ingenious; [Black] allows White to win back his pawn by} 12.
Bxd5 cxd5 13. Qxd5 {, but then after} Nc6 {Black’s two Bishops rake
White’s position and he has the better game.}) 12... Ne7 13. Ne3 Be5 14. Ng4
Bc7 15. e5 d5 ({The one mistake that Black makes in the game — but it is
enough to lose it! Correct was} 15... d6) 16. Bg5 Bc8 17. Nf6+ Kh8 (17... gxf6
18. Bxf6 Bf5 19. Qd2 {, threatening Qh6, wins for White.}) 18. Nc3 Na6 19.
Nfxd5 cxd5 20. Nxd5 {White’s sacrifice was pure­ly temporary since, owing
to the bishop pin on the knight, White regains his piece with interest.} Be6
21. Bxe7 Qd7 22. Nxc7 Qxc7 23. Bd6 Qc4 {This loses even more material, but he
was already quite lost.} 24. Bf1 {Source: The Times, 1 May 1982 (Golombek)} (
24. Bf1 {If he defends his knight by} Qc8 {, then, simply,} 25. Bxf8 Qxf8 26.
Bxa6 {, etc.}) 1-0

[Event "Phillips & Drew GLC Kings"]
[Site "London, County Hall"]
[Date "1982.04.28"]
[Round "12"]
[White "Ljubojevic, Ljubomir"]
[Black "Spassky, Boris V"]
[Result "1-0"]
[WhiteElo "2645"]
[BlackElo "2605"]
[PlyCount "71"]
[EventDate "1982.04.15"]
[EventType "tourn"]
[EventRounds "13"]
[EventCountry "ENG"]
[EventCategory "14"]
[SourceTitle "BritBase"]
[Source "John Saunders"]
[SourceDate "2023.10.13"]
[SourceVersion "1"]
[SourceVersionDate "2023.10.13"]
[SourceQuality "1"]

1. e4 e5 2. Nf3 Nc6 3. Bb5 Nd4 4. Nxd4 exd4 5. O-O c6 6. Bc4 g6 7. c3 Bg7 8.
Qf3 Qe7 9. d3 Nf6 10. cxd4 d5 11. exd5 cxd5 12. Bb5+ Kf8 13. Nc3 Be6 14. a3 h6
15. Bf4 Kg8 16. Rfe1 Kh7 17. Be5 Rhd8 18. h3 Rac8 19. Ba4 Ng8 20. Bb3 Qd7 21.
Ba4 Qe7 22. Ne2 Bd7 23. Bb3 Bc6 24. Nc3 Qd7 25. Re3 f6 26. Bh2 Ne7 27. g4 g5
28. Rae1 Ng6 29. Bg3 f5 30. gxf5 Nf4 31. Bxf4 gxf4 32. Re6 Rg8 33. Kf1 Rcf8 34.
Bxd5 Rxf5 35. Qe4 Rgf8 36. Rxc6 1-0

[Event "Phillips & Drew GLC Kings"]
[Site "London, County Hall"]
[Date "1982.04.30"]
[Round "13"]
[White "Short, Nigel D"]
[Black "Ljubojevic, Ljubomir"]
[Result "0-1"]
[WhiteElo "2430"]
[BlackElo "2645"]
[PlyCount "78"]
[EventDate "1982.04.15"]
[EventType "tourn"]
[EventRounds "13"]
[EventCountry "ENG"]
[EventCategory "14"]
[SourceTitle "BritBase"]
[Source "John Saunders"]
[SourceDate "2023.10.13"]
[SourceVersion "1"]
[SourceVersionDate "2023.10.13"]
[SourceQuality "1"]

1. e4 c5 2. Nf3 d6 3. Bb5+ Nd7 4. d4 Ngf6 5. Nc3 cxd4 6. Qxd4 a6 7. Bxd7+ Nxd7
8. Bg5 f6 9. Be3 e6 10. O-O-O b5 11. h4 Bb7 12. h5 Be7 13. Nd2 O-O 14. f4 Nc5
15. Nb3 Bc6 16. Bf2 Qb6 17. Kb1 b4 18. Ne2 Qb5 19. Qe3 Nxb3 20. axb3 Qb7 21. h6
g6 22. f5 Bxe4 23. fxg6 hxg6 24. Ng3 Bxg2 25. Qxe6+ Kh7 26. Rhe1 Rae8 27. Bc5
Bf3 28. Rd4 a5 29. Rf1 Qc6 30. Bxd6 Bxd6 31. Qxd6 Qxd6 32. Rxd6 Re3 33. Rf2 f5
34. Nf1 Re1+ 35. Ka2 Rd1 36. Ra6 Ra8 37. Rb6 Re8 38. Rxf3 Ree1 39. Rb7+ Kxh6
0-1

[Event "Phillips & Drew GLC Knights"]
[Site "London, County Hall"]
[Date "1982.04.15"]
[Round "1"]
[White "Britton, Richard L"]
[Black "Flear, Glenn C"]
[Result "0-1"]
[WhiteElo "2285"]
[BlackElo "2390"]
[PlyCount "76"]
[EventDate "1982.04.15"]
[EventType "tourn"]
[EventRounds "15"]
[EventCountry "ENG"]
[SourceTitle "BritBase"]
[Source "John Saunders"]
[SourceDate "2023.10.13"]
[SourceVersion "1"]
[SourceVersionDate "2023.10.13"]
[SourceQuality "1"]

1. e4 e5 2. Nf3 Nc6 3. Bb5 a6 4. Ba4 Nf6 5. d3 d6 6. c3 g6 7. Bg5 Bg7 8. Nbd2
h6 9. Bh4 O-O 10. Nf1 b5 11. Bb3 Na5 12. Bc2 c5 13. Ne3 Be6 14. d4 cxd4 15.
cxd4 exd4 16. Nxd4 Nc4 17. O-O Qb6 18. Nxe6 Nxe3 19. fxe3 fxe6 20. Qe2 Nd7 21.
Bb3 Nc5 22. Qg4 Kh7 23. Bc2 Nd3 24. Bxd3 Qxe3+ 25. Bf2 Qxd3 26. Rad1 Qc4 27.
Rxd6 Qxa2 28. Rxe6 g5 29. Re7 Qxb2 30. e5 Rae8 31. Qe4+ Kh8 32. Rxe8 Rxe8 33.
Bd4 Qa2 34. Rc1 Qf7 35. g3 Kg8 36. Rc6 Rf8 37. Qd3 Rd8 38. Qc3 Bxe5 0-1

[Event "Phillips & Drew GLC Knights"]
[Site "London, County Hall"]
[Date "1982.04.15"]
[Round "1"]
[White "Conquest, Stuart C"]
[Black "King, Daniel John"]
[Result "1-0"]
[WhiteElo "2315"]
[BlackElo "2365"]
[PlyCount "49"]
[EventDate "1982.04.15"]
[EventType "tourn"]
[EventRounds "15"]
[EventCountry "ENG"]
[SourceTitle "BritBase"]
[Source "John Saunders"]
[SourceDate "2023.10.13"]
[SourceVersion "1"]
[SourceVersionDate "2023.10.13"]
[SourceQuality "1"]

1. d4 Nf6 2. c4 e6 3. g3 Bb4+ 4. Bd2 a5 5. Bg2 O-O 6. Nf3 b6 7. O-O Bb7 8. Bf4
Be7 9. Nc3 Ne4 10. Qc2 Nxc3 11. Qxc3 d6 12. Rfd1 Bf6 13. Qc2 Nc6 14. e4 Nxd4
15. Nxd4 e5 16. Nf5 exf4 17. e5 Bxg2 18. exf6 Bb7 19. Ne7+ Kh8 20. Qf5 h6 21.
Qxf4 g5 22. Qg4 a4 23. Rd3 Ra5 24. Qh5 Kh7 25. g4 1-0

[Event "Phillips & Drew GLC Knights"]
[Site "London, County Hall"]
[Date "1982.04.15"]
[Round "1"]
[White "Cox, John J"]
[Black "Watson, William Nicholas"]
[Result "1/2-1/2"]
[WhiteElo "2285"]
[BlackElo "2330"]
[PlyCount "29"]
[EventDate "1982.04.15"]
[EventType "tourn"]
[EventRounds "15"]
[EventCountry "ENG"]
[SourceTitle "BritBase"]
[Source "John Saunders"]
[SourceDate "2023.10.13"]
[SourceVersion "1"]
[SourceVersionDate "2023.10.13"]
[SourceQuality "1"]

1. c4 g6 2. Nc3 Bg7 3. Nf3 c5 4. g3 Nc6 5. Bg2 e6 6. O-O Nge7 7. e3 O-O 8. d4
cxd4 9. Nxd4 d5 10. cxd5 Nxd4 11. exd4 Nxd5 12. Nxd5 exd5 13. Qb3 Be6 14. Qxb7
Bxd4 15. Bf4 1/2-1/2

[Event "Phillips & Drew GLC Knights"]
[Site "London, County Hall"]
[Date "1982.04.15"]
[Round "1"]
[White "Fedorowicz, John P"]
[Black "Sowray, Peter John"]
[Result "1/2-1/2"]
[WhiteElo "2455"]
[BlackElo "2270"]
[PlyCount "105"]
[EventDate "1982.04.15"]
[EventType "tourn"]
[EventRounds "15"]
[EventCountry "ENG"]
[SourceTitle "BritBase"]
[Source "John Saunders"]
[SourceDate "2023.10.13"]
[SourceVersion "1"]
[SourceVersionDate "2023.10.13"]
[SourceQuality "1"]

1. c4 c5 2. Nf3 Nf6 3. Nc3 Nc6 4. d4 cxd4 5. Nxd4 e6 6. e4 Bb4 7. Nxc6 dxc6 8.
Qxd8+ Kxd8 9. e5 Ne4 10. a3 Bxc3+ 11. bxc3 Kc7 12. h4 b6 13. Rh3 Ba6 14. Re3
Nc5 15. Rf3 Rhf8 16. Bg5 Nd7 17. Bf4 Rad8 18. Rd1 Nc5 19. Bg5 Rxd1+ 20. Kxd1
Kd7 21. Kc2 h6 22. Be3 Ne4 23. Bd3 Nc5 24. Be2 Ne4 25. Rf4 f5 26. h5 Ke7 27. g4
Nc5 28. Rd4 Nd7 29. f4 fxg4 30. Rd6 g3 31. Rd1 c5 32. Rg1 Nb8 33. Rxg3 Kf7 34.
f5 exf5 35. e6+ Kxe6 36. Rxg7 f4 37. Rg6+ Ke5 38. Bf2 Rf6 39. Bh4 Re6 40. Rg8
Nc6 41. Bg4 Bxc4 42. Bxe6 Bxe6 43. Rh8 Bf5+ 44. Kc1 Ke4 45. Rxh6 Ne5 46. Rh8
Kd3 47. h6 f3 48. h7 Kxc3 49. Rd8 f2 50. Bxf2 Bxh7 51. Bg3 Nd3+ 52. Rxd3+ Bxd3
53. Bb8 1/2-1/2

[Event "Phillips & Drew GLC Knights"]
[Site "London, County Hall"]
[Date "1982.04.15"]
[Round "1"]
[White "Formanek, Edward W"]
[Black "Kopec, Danny"]
[Result "1/2-1/2"]
[WhiteElo "2330"]
[BlackElo "2375"]
[PlyCount "96"]
[EventDate "1982.04.15"]
[EventType "tourn"]
[EventRounds "15"]
[EventCountry "ENG"]
[SourceTitle "BritBase"]
[Source "John Saunders"]
[SourceDate "2023.10.13"]
[SourceVersion "1"]
[SourceVersionDate "2023.10.13"]
[SourceQuality "1"]

1. e4 c5 2. Nf3 d6 3. d4 cxd4 4. Nxd4 Nf6 5. Nc3 e6 6. g4 h6 7. h4 Nc6 8. Rg1
h5 9. g5 Ng4 10. Nb3 Qb6 11. Qe2 g6 12. Rg3 a6 13. f3 Nge5 14. f4 Ng4 15. Bh3
Bg7 16. Bd2 Bd7 17. O-O-O Qf2 18. Rg2 Qxe2 19. Nxe2 e5 20. Nc3 Be6 21. Nd5
O-O-O 22. Bc3 Kb8 23. Re2 Rhe8 24. Rf1 Bh8 25. fxe5 Ncxe5 26. Nd4 Bxd5 27. exd5
Nc4 28. Rfe1 Rxe2 29. Nxe2 Be5 30. Bxe5 Ngxe5 31. Nf4 Nf3 32. Re4 Nce5 33. Nd3
Rf8 34. Nxe5 Nxe5 35. Kd2 f5 36. gxf6 Rxf6 37. Ke2 g5 38. hxg5 Rg6 39. Rf4 Rxg5
40. Rf5 Rg1 41. Rxh5 Ra1 42. Kd2 Rxa2 43. Rh8+ Ka7 44. b3 Nf3+ 45. Kc3 Ra5 46.
Be6 Rc5+ 47. Kb2 Nd4 48. c4 Nxe6 1/2-1/2

[Event "Phillips & Drew GLC Knights"]
[Site "London, County Hall"]
[Date "1982.04.15"]
[Round "1"]
[White "Hartoch, Robert G"]
[Black "McNab, Colin Anderson"]
[Result "1/2-1/2"]
[WhiteElo "2390"]
[BlackElo "2340"]
[PlyCount "77"]
[EventDate "1982.04.15"]
[EventType "tourn"]
[EventRounds "15"]
[EventCountry "ENG"]
[SourceTitle "BritBase"]
[Source "John Saunders"]
[SourceDate "2023.10.13"]
[SourceVersion "1"]
[SourceVersionDate "2023.10.13"]
[SourceQuality "1"]

1. d4 d6 2. e4 g6 3. Nc3 Bg7 4. g3 Nc6 5. d5 Nd4 6. Be3 c5 7. dxc6 Nxc6 8. Nge2
Nf6 9. h3 Bd7 10. Bg2 Qc8 11. g4 h5 12. g5 Nh7 13. h4 Nf8 14. Qd2 Ne5 15. b3
Ne6 16. f3 O-O 17. Nd5 Qd8 18. O-O Nc7 19. Bd4 Nxd5 20. exd5 Bf5 21. f4 Ng4 22.
Rae1 Re8 23. Bxg7 Kxg7 24. Nd4 Qd7 25. Nxf5+ Qxf5 26. Qd4+ Kg8 27. Be4 Qc8 28.
f5 Ne5 29. Rf4 b6 30. c3 gxf5 31. Bxf5 Qc5 32. Qxc5 bxc5 33. Kg2 Reb8 34. Ra4
a5 35. Bc2 Kg7 36. Re3 c4 37. Bd1 Kg6 38. bxc4 Rc8 39. Bc2+ 1/2-1/2

[Event "Phillips & Drew GLC Knights"]
[Site "London, County Hall"]
[Date "1982.04.15"]
[Round "1"]
[White "Nicholson, John Graham"]
[Black "Franklin, Michael J"]
[Result "0-1"]
[WhiteElo "2300"]
[BlackElo "2315"]
[PlyCount "82"]
[EventDate "1982.04.15"]
[EventType "tourn"]
[EventRounds "15"]
[EventCountry "ENG"]
[SourceTitle "BritBase"]
[Source "John Saunders"]
[SourceDate "2023.10.13"]
[SourceVersion "1"]
[SourceVersionDate "2023.10.13"]
[SourceQuality "1"]

1. e4 c5 2. Nf3 a6 3. d3 Nc6 4. g3 d6 5. Bg2 e5 6. O-O Be7 7. c3 f5 8. Nbd2 Nf6
9. Nh4 f4 10. a4 O-O 11. Nf5 g6 12. Nxe7+ Qxe7 13. Nc4 g5 14. Nb6 Rb8 15. b3
Bg4 16. Nd5 Qd7 17. Nxf6+ Rxf6 18. f3 Be6 19. Bb2 Qf7 20. b4 cxb4 21. cxb4 Nxb4
22. d4 Qc7 23. Qd2 a5 24. Rac1 Qb6 25. gxf4 gxf4 26. Kh1 Rd8 27. Rfd1 Bb3 28.
dxe5 Rg6 29. Qc3 Na2 30. Qd2 Bxd1 31. Rxd1 Nb4 32. Bd4 Qc7 33. Rc1 Qd7 34. Bf1
dxe5 35. Bc4+ Kf8 36. Bc5+ Kg7 37. Qc3 Nc6 38. Bd5 Qh3 39. Rg1 Kf6 40. Rxg6+
hxg6 41. Bg1 Rc8 0-1

[Event "Phillips & Drew GLC Knights"]
[Site "London, County Hall"]
[Date "1982.04.15"]
[Round "1"]
[White "Norris, Alan J"]
[Black "Rumens, David E"]
[Result "1/2-1/2"]
[WhiteElo "2265"]
[BlackElo "2320"]
[PlyCount "79"]
[EventDate "1982.04.15"]
[EventType "tourn"]
[EventRounds "15"]
[EventCountry "ENG"]
[SourceTitle "BritBase"]
[Source "John Saunders"]
[SourceDate "2023.10.13"]
[SourceVersion "1"]
[SourceVersionDate "2023.10.13"]
[SourceQuality "1"]

1. e4 e5 2. Nf3 Nc6 3. Bb5 a6 4. Ba4 Nf6 5. O-O Be7 6. Re1 b5 7. Bb3 O-O 8. c3
d5 9. exd5 Nxd5 10. Nxe5 Nxe5 11. Rxe5 c6 12. d4 Bd6 13. Re1 Qh4 14. g3 Qh3 15.
Be3 Bg4 16. Qd3 Rae8 17. Nd2 Re6 18. a4 f5 19. Qf1 Qh5 20. f4 bxa4 21. Rxa4 g5
22. Qg2 gxf4 23. Bxd5 cxd5 24. Qxd5 Qf7 25. Nc4 Bc7 26. gxf4 Bxf4 27. Ne5 Bxe5
28. dxe5 Bh3 29. Kf2 Rg6 30. Qxf7+ Rxf7 31. Rh4 Bg2 32. e6 Rb7 33. Bc1 Be4 34.
Rg1 Re7 35. Rh6 Rexe6 36. Rhxg6+ hxg6 37. h4 Kf7 38. Be3 Bc6 39. Rd1 Re4 40.
Rd4 1/2-1/2

[Event "Phillips & Drew GLC Knights"]
[Site "London, County Hall"]
[Date "1982.04.16"]
[Round "2"]
[White "Flear, Glenn C"]
[Black "Fedorowicz, John P"]
[Result "0-1"]
[WhiteElo "2390"]
[BlackElo "2455"]
[PlyCount "84"]
[EventDate "1982.04.15"]
[EventType "tourn"]
[EventRounds "15"]
[EventCountry "ENG"]
[SourceTitle "BritBase"]
[Source "John Saunders"]
[SourceDate "2023.10.13"]
[SourceVersion "1"]
[SourceVersionDate "2023.10.13"]
[SourceQuality "1"]

1. d4 Nf6 2. c4 e6 3. Nc3 Bb4 4. e3 c5 5. Bd3 Nc6 6. Nf3 d5 7. O-O O-O 8. a3
Bxc3 9. bxc3 Qc7 10. cxd5 exd5 11. Nh4 Ne7 12. a4 b6 13. Bb2 Be6 14. Re1 Rad8
15. Qb1 Rfe8 16. f3 Ng6 17. Nf5 Bc8 18. g3 Bb7 19. e4 dxe4 20. fxe4 c4 21. Bc2
Qc6 22. Ne3 h5 23. Ba3 h4 24. Qb5 Qxb5 25. axb5 Bxe4 26. Bxe4 Nxe4 27. Bb4 hxg3
28. hxg3 Nxg3 29. Nxc4 Rxe1+ 30. Rxe1 f5 31. Nd6 f4 32. c4 Nh4 33. Ra1 Nf3+ 34.
Kg2 Nxd4 35. Rxa7 Nc2 36. Nf7 Re8 37. Bc3 Re2+ 38. Kh3 Ne4 39. Be5 f3 40. Bg3
f2 41. Bxf2 Rxf2 42. Ne5 Ne3 0-1

[Event "Phillips & Drew GLC Knights"]
[Site "London, County Hall"]
[Date "1982.04.16"]
[Round "2"]
[White "Franklin, Michael J"]
[Black "Kopec, Danny"]
[Result "0-1"]
[WhiteElo "2315"]
[BlackElo "2375"]
[PlyCount "82"]
[EventDate "1982.04.15"]
[EventType "tourn"]
[EventRounds "15"]
[EventCountry "ENG"]
[SourceTitle "BritBase"]
[Source "John Saunders"]
[SourceDate "2023.10.13"]
[SourceVersion "1"]
[SourceVersionDate "2023.10.13"]
[SourceQuality "1"]

1. d4 Nf6 2. Nf3 g6 3. Bf4 Bg7 4. e3 d6 5. Bc4 c6 6. a4 O-O 7. h3 Nbd7 8. Nbd2
Nd5 9. Bh2 e5 10. O-O Qe7 11. dxe5 dxe5 12. e4 Nf4 13. Re1 Bh6 14. Bf1 Rd8 15.
Qb1 Nxh3+ 16. gxh3 Bxd2 17. Nxd2 Qg5+ 18. Bg2 Qxd2 19. Ra3 Qg5 20. Rd3 Re8 21.
Rf1 Nc5 22. f4 Qh5 23. Rc3 exf4 24. Rxf4 Ne6 25. Rf2 Ng5 26. Qf1 Nxe4 27. Re3
Bf5 28. Rfe2 Nf6 29. Be5 Nd5 30. Rf3 Bxc2 31. Rxf7 Rxe5 32. Rxc2 Rae8 33. Rcf2
Qh6 34. Qc4 Qe3 35. Kh2 Rh5 36. a5 a6 37. Qg4 Qe5+ 38. Qg3 Re7 39. Bxd5 cxd5
40. Rxe7 Qxe7 41. Qb8+ Kg7 0-1

[Event "Phillips & Drew GLC Knights"]
[Site "London, County Hall"]
[Date "1982.04.16"]
[Round "2"]
[White "King, Daniel John"]
[Black "Britton, Richard L"]
[Result "1/2-1/2"]
[WhiteElo "2365"]
[BlackElo "2285"]
[PlyCount "144"]
[EventDate "1982.04.15"]
[EventType "tourn"]
[EventRounds "15"]
[EventCountry "ENG"]
[SourceTitle "BritBase"]
[Source "John Saunders"]
[SourceDate "2023.10.13"]
[SourceVersion "1"]
[SourceVersionDate "2023.10.13"]
[SourceQuality "1"]

1. Nf3 Nf6 2. g3 g6 3. Bg2 Bg7 4. O-O O-O 5. d3 d6 6. c4 Nc6 7. Nc3 Nh5 8. Rb1
a5 9. a3 f5 10. Bd2 f4 11. b4 axb4 12. axb4 Bg4 13. Nd5 e5 14. b5 Ne7 15. Nxe7+
Qxe7 16. Qb3 Kh8 17. Bc3 Rf7 18. b6 c6 19. Qb2 Re8 20. Ra1 Bc8 21. Ra8 Rff8 22.
Nd2 Nf6 23. Nf3 Nd7 24. Nd2 Nc5 25. d4 exd4 26. Bxd4 Bxd4 27. Qxd4+ Kg8 28. Nf3
Qxe2 29. Qxd6 Ne4 30. Qc7 Nc3 31. Ra3 Qb2 32. Ng5 Ne2+ 33. Kh1 Qg7 34. Qxg7+
Kxg7 35. Ne4 Rd8 36. Bf3 Nd4 37. Bd1 Be6 38. Ra7 Bxc4 39. Rxb7+ Kh8 40. Re1 Bd5
41. Kg1 c5 42. Rc7 Rde8 43. f3 fxg3 44. Rxc5 Bb3 45. Kg2 Bxd1 46. Rxd1 Nxf3 47.
Nxg3 Rb8 48. Rb5 Nh4+ 49. Kh3 Nf5 50. Rd7 Nxg3 51. Kxg3 Kg8 52. b7 Rf7 53. Rxf7
Kxf7 54. Kf4 h6 55. Ke5 Ke7 56. Rb6 Kd7 57. Kf6 g5 58. Kf5 Kc7 59. Rxh6 Kxb7
60. Kxg5 Kc7 61. Kf6 Kd7 62. h4 Rf8+ 63. Kg7 Ke7 64. Ra6 Rf7+ 65. Kg6 Rf4 66.
h5 Rg4+ 67. Kh7 Kf7 68. Ra7+ Kf8 69. h6 Rg1 70. Ra8+ Kf7 71. Kh8 Rg6 72. h7 Rg1
1/2-1/2

[Event "Phillips & Drew GLC Knights"]
[Site "London, County Hall"]
[Date "1982.04.16"]
[Round "2"]
[White "McNab, Colin Anderson"]
[Black "Norris, Alan J"]
[Result "1/2-1/2"]
[WhiteElo "2340"]
[BlackElo "2265"]
[PlyCount "62"]
[EventDate "1982.04.15"]
[EventType "tourn"]
[EventRounds "15"]
[EventCountry "ENG"]
[SourceTitle "BritBase"]
[Source "John Saunders"]
[SourceDate "2023.10.13"]
[SourceVersion "1"]
[SourceVersionDate "2023.10.13"]
[SourceQuality "1"]

1. c4 Nf6 2. Nf3 c5 3. g3 b6 4. Bg2 Bb7 5. d3 d6 6. e4 g6 7. O-O Bg7 8. Nc3 O-O
9. h3 Nc6 10. Be3 e5 11. Nd5 Nxd5 12. cxd5 Nd4 13. Qd2 Nxf3+ 14. Bxf3 Bc8 15.
Bg2 f5 16. f4 fxe4 17. dxe4 Ba6 18. Rf2 exf4 19. gxf4 Qh4 20. Rf3 Rae8 21. Bf2
Qf6 22. e5 dxe5 23. fxe5 Qxe5 24. Rxf8+ Rxf8 25. d6 Rxf2 26. Kxf2 Qf5+ 27. Kg1
Bd4+ 28. Kh1 Qe5 29. Re1 Qxd6 30. Re8+ Kg7 31. Ra8 Qd7 1/2-1/2

[Event "Phillips & Drew GLC Knights"]
[Site "London, County Hall"]
[Date "1982.04.16"]
[Round "2"]
[White "Nicholson, John Graham"]
[Black "Cox, John J"]
[Result "0-1"]
[WhiteElo "2300"]
[BlackElo "2285"]
[PlyCount "84"]
[EventDate "1982.04.15"]
[EventType "tourn"]
[EventRounds "15"]
[EventCountry "ENG"]
[SourceTitle "BritBase"]
[Source "John Saunders"]
[SourceDate "2023.10.13"]
[SourceVersion "1"]
[SourceVersionDate "2023.10.13"]
[SourceQuality "1"]

1. e4 e6 2. d3 c5 3. Nf3 Nc6 4. g3 d5 5. Qe2 Nge7 6. Bg2 g6 7. h4 h6 8. O-O Bg7
9. Re1 O-O 10. Nbd2 b6 11. e5 Ba6 12. Nf1 Nf5 13. c3 b5 14. Bf4 Rc8 15. Qd2 d4
16. cxd4 Ncxd4 17. Nxd4 Qxd4 18. Ne3 Rfd8 19. Nxf5 exf5 20. e6 b4 21. Bxh6 Qxb2
22. Qe3 Qf6 23. Bxg7 Kxg7 24. exf7 Rxd3 25. Qe7 Qxe7 26. Rxe7 c4 27. Rxa7 c3
28. Rxa6 c2 29. Re6 Rd1+ 30. Re1 Rxa1 31. Rxa1 c1=Q+ 32. Rxc1 Rxc1+ 33. Kh2 Rd1
34. h5 gxh5 35. Kh3 Rd2 36. Kh4 Rxa2 37. Kxh5 Rxf2 38. Bd5 Rd2 39. Be6 Rd3 40.
Kg5 b3 41. Kxf5 b2 42. Ba2 Ra3 0-1

[Event "Phillips & Drew GLC Knights"]
[Site "London, County Hall"]
[Date "1982.04.16"]
[Round "2"]
[White "Rumens, David E"]
[Black "Formanek, Edward W"]
[Result "0-1"]
[WhiteElo "2320"]
[BlackElo "2330"]
[PlyCount "82"]
[EventDate "1982.04.15"]
[EventType "tourn"]
[EventRounds "15"]
[EventCountry "ENG"]
[SourceTitle "BritBase"]
[Source "John Saunders"]
[SourceDate "2023.10.13"]
[SourceVersion "1"]
[SourceVersionDate "2023.10.13"]
[SourceQuality "1"]

1. e4 e6 2. d4 d5 3. e5 c5 4. Nf3 Nc6 5. Bd3 cxd4 6. O-O f6 7. Qe2 fxe5 8. Nxe5
Nf6 9. Bg5 Nxe5 10. Qxe5 Bc5 11. Nd2 O-O 12. Nb3 Qd6 13. f4 Bd7 14. Rae1 Rae8
15. a3 Ng4 16. Qe2 e5 17. Nxc5 Qxc5 18. fxe5 Rxe5 19. Rxf8+ Qxf8 20. Rf1 Qe8
21. Qd2 Nxh2 22. Kxh2 Qh5+ 23. Kg1 Qxg5 24. Qxg5 Rxg5 25. Rf4 Rg4 26. Rf3 g6
27. Rf6 Kg7 28. Rd6 Bc6 29. b4 Kf7 30. Rd8 a6 31. Rc8 Ke6 32. Rh8 h5 33. Rh7 h4
34. Kh2 g5 35. Rh6+ Ke5 36. Bxa6 d3 37. Bxd3 d4 38. Bf1 Be4 39. Rb6 Bxc2 40.
Be2 Rg3 41. Rb5+ Kf4 0-1

[Event "Phillips & Drew GLC Knights"]
[Site "London, County Hall"]
[Date "1982.04.16"]
[Round "2"]
[White "Sowray, Peter John"]
[Black "Hartoch, Robert G"]
[Result "1/2-1/2"]
[WhiteElo "2270"]
[BlackElo "2390"]
[PlyCount "108"]
[EventDate "1982.04.15"]
[EventType "tourn"]
[EventRounds "15"]
[EventCountry "ENG"]
[SourceTitle "BritBase"]
[Source "John Saunders"]
[SourceDate "2023.10.13"]
[SourceVersion "1"]
[SourceVersionDate "2023.10.13"]
[SourceQuality "1"]

1. d4 Nf6 2. c4 c5 3. d5 g6 4. Nc3 Bg7 5. e4 d6 6. f3 O-O 7. Bg5 h6 8. Be3 e6
9. Qd2 exd5 10. cxd5 Kh7 11. Nge2 b6 12. Nc1 Ba6 13. Bxa6 Nxa6 14. O-O Nc7 15.
a4 Re8 16. Kh1 Qe7 17. Bf2 Nd7 18. Nd3 a6 19. b4 Ne5 20. Nxe5 Qxe5 21. Rac1
Rac8 22. Bg3 Qe7 23. bxc5 bxc5 24. Rce1 Qd7 25. f4 Bd4 26. f5 g5 27. h4 f6 28.
Qd3 Be5 29. Bxe5 Rxe5 30. Rb1 Ree8 31. Rb7 Qe7 32. Rfb1 Qe5 33. Qf3 g4 34. Qd3
g3 35. Qf3 Rg8 36. Ra7 Rg7 37. Ne2 c4 38. Qf4 Ne8 39. Qxe5 fxe5 40. Rxg7+ Kxg7
41. Nc3 Kf6 42. Kg1 Ke7 43. Kf1 Kd7 44. Ke2 Nf6 45. Kf3 Kc7 46. Rb4 Rb8 47.
Rxc4+ Kd7 48. Kxg3 Rb3 49. Kf3 h5 50. Ke3 Rb2 51. Kd3 Ng4 52. Ne2 Nf2+ 53. Ke3
Nd1+ 54. Kd3 Nf2+ 1/2-1/2